Estadísticas para Ciudades Capitales Basadas en las Primeras Dos Letras

Haz click aquí para tomar la prueba!

Estadísticas generales

  • Esta prueba ha sido tomada 2.006 veces
  • La puntuación promedio es 13 de 24

Estadísticas de respuestas

Primeras DosCapital% Correcto
OSOslo
82%
OTOttawa
81%
QUQuito
80%
HEHelsinki
76%
WEWellington
76%
ATAtenas
71%
JEJerusalén
66%
SKSkopie
65%
ISIslamabad
57%
TOTokio
55%
SESeúl
54%
ACAcra
52%
TUTúnez
48%
ARArgel
47%
JAJartum
45%
MBMbabane
45%
BOBogotá
44%
PEPekín
42%
RARabat
42%
DIDili
41%
SISingapur
40%
ESEstocolmo
38%
MIMinsk
30%
PIPionyang
29%

Distribución de puntuación

Porcentaje por número respondido

Porcentaje de gente con cada puntuación

Historial de tus puntuaciones

No has tomado esta prueba